The household of God; (Record no. 5376)

MARC details
000 -LEADER
fixed length control field 00649cam a2200253I 4500
001 - CONTROL NUMBER
control field 31152
003 - CONTROL NUMBER IDENTIFIER
control field GBCCL
005 - DATE AND TIME OF LATEST TRANSACTION
control field 20241126110540.0
008 - FIXED-LENGTH DATA ELEMENTS--GENERAL INFORMATION
fixed length control field 780706s1954 xx 000 0 eng
010 ## -
-- 54005573
035 ## - SYSTEM CONTROL NUMBER
System control number (OCoLC)04028662
040 ## - CATALOGING SOURCE
Original cataloging agency DLC
Transcribing agency CSM
Modifying agency OCL
049 ## -
-- LBBK
050 ## -
-- BV600
-- .N46
082 ## - DEWEY DECIMAL CLASSIFICATION NUMBER
Classification number 261
Item number NEW
092 ## - LOCALLY ASSIGNED DEWEY CALL NUMBER (OCLC)
Classification number 250
Item number N534
100 1# - MAIN ENTRY--PERSONAL NAME
Personal name Newbigin, Lesslie.
9 (RLIN) 4867
245 14 - TITLE STATEMENT
Title The household of God;
Remainder of title lectures on the nature of the church.
260 ## - PUBLICATION, DISTRIBUTION, ETC.
Place of publication, distribution, etc. New York,
Name of publisher, distributor, etc. Friendship Pr.
Date of publication, distribution, etc. [1954]
300 ## - PHYSICAL DESCRIPTION
Extent 177p
Dimensions 28cm
490 0# - SERIES STATEMENT
Series statement The Kerr lectures, 1952
650 #0 - SUBJECT ADDED ENTRY--TOPICAL TERM
Topical term or geographic name entry element Church.
9 (RLIN) 263
942 ## - ADDED ENTRY ELEMENTS (KOHA)
Source of classification or shelving scheme Dewey Decimal Classification
Koha item type Books
Holdings
Withdrawn status Lost status Source of classification or shelving scheme Damaged status Not for loan Home library Current Library Shelving location Date acquired Total checkouts Full call number Barcode Date last seen Copy number Price effective from Koha item type
    Dewey Decimal Classification     GRACE BIBLE COLLEGE GRACE BIBLE COLLEGE Ministry & Mission 2018-03-15   261 NEW 007190 2025-05-01 c.1 2018-03-15 Books
© Grace Bible College Library 2025